000
00284nam a22001217a 4500
008
171023b xxu||||| |||| 00| 0 eng d
041
_a
eng
080
_a
338
100
_a
54
101
_a
MO
245
_a
BASIC CONCEPTS OF PROBABILITY AND STATISTICS
_c
HODGES, J,L
942
_2
udc
_c
BK
999
_c
35487
_d
35487